Регионална библиотека "Любен Каравелов" - Русе

[Сто] 100 години Русенска търговско-индустриална камера (Запис номер 46111)

MARC детайли
000 -Лидер
Контролно поле с фиксирана дължина 02278nam a2200493 c 4500
003 - Код на организацията, давaща контролен номер
Контролно поле BLK
005 - Дата и час на последна редакция
Контролно поле 20240416131121.0
008 - Елементи от данни с фиксирана дължина
fixed length control field 180408b bul|||||r ||||||| ||bul||
010 ## - Наследен системен номер
LC control number KNG00049914000
040 ## - Източник на каталожния запис
Идентификатор на билиотеката - собственик на записа BLK
041 ## - Код за език
Код за езика на текст/звукозапис или на отделно заглавие Български
Код за езика КДБФ Български
072 #7 - Код за тематичната категория
Код организация bullib
Код за тематична категория Я
Текст Автографи
072 #7 - Код за тематичната категория
Код организация bullib
Код за тематична категория К
Текст Краезнание
080 ## - УДК
Текстов определител УДК Занаятчийски и индустриални камари. Търговски палати
УДК код - определител по УДК 334.788.2
УДК определител (497.215)(091)
УДК - код + определител 334.788.2(497.215)(091)
139 ## - Редно поле
Редна дума Златев, Любомир Златанов и др.
Авторски знак Злате - З 72
245 10 - Сведения за заглавието
Заглавие [Сто] 100 години Русенска търговско-индустриална камера
Подзаглавни данни Докум. сб.
Редно поле (дума) състав. Любомир Златанов Златев; състав. Роза Велинова; състав. Тодор Билчев Билчев; ред. Йордан Йорданов Палежев.
257 ## - Страна на издаване
Страна на създаване/издаване България
260 ## - Област на издателските данни
Име на издателя, разпространителя и проч. Наука и практика
Година на издаване 1995
Печатница Русе : Агава
300 ## - Физическа характеристика
Страници 298 с.
Илюстрации и др. с ил.
Размери/Мащаб 21 см
380 ## - Жанр
Жанр Обществени науки
500 ## - Общи забележки
Забележка Съдържа и Председатели на Камарата ; Управителни и контролни органи ; Списък на членовете на РТИК, 1995
650 #4 - Допълнително описание по предмет – тема
Основно описание – тема или топоним Камари, търговско-индустриални
9 (RLIN) 280620
651 #4 - Допълнително описание по предмет - топоним
Географско понятие Русе
9 (RLIN) 179462
651 #4 - Допълнително описание по предмет - топоним
Географско понятие България
9 (RLIN) 241624
653 ## - Ключова дума – ненормативна
Ключова дума Русе
653 ## - Ключова дума – ненормативна
Ключова дума търговско-индустриални камари
653 ## - Ключова дума – ненормативна
Ключова дума камари
653 ## - Ключова дума – ненормативна
Ключова дума ТИК
653 ## - Ключова дума – ненормативна
Ключова дума история
659 ## - Тематичен бюлетин
Тематичен бюлетин К
659 ## - Тематичен бюлетин
Тематичен бюлетин Я
700 1# - Други автори (авторска отговорност)
Лично име Златев, Любомир Златанов
Дати, свързани с автора 1952 -
Друга информация Историк.
9 (RLIN) 69985
700 ## - Други автори (авторска отговорност)
Лично име Велинова, Роза Стоянова
Дати, свързани с автора 1946-
Друга информация Историк. Русе
9 (RLIN) 365656
700 1# - Други автори (авторска отговорност)
Лично име Билчев, Тодор Билчев
Автороска отговорност (Описва отношението между автора и произведението) състав.
9 (RLIN) 365819
700 1# - Други автори (авторска отговорност)
Лично име Палежев, Йордан Йорданов
Дати, свързани с автора 1940-
9 (RLIN) 105744
852 ## - Местоположение
Форматна сигнатура Цб 191421
852 ## - Местоположение
Форматна сигнатура К 334/З-72 Л
856 4# - Електронен адрес и достъп
Електронен формат pdf - файл
856 4# - Електронен адрес и достъп
Електронен формат pdf - файл
999 ## - СИСТЕМНИ КОНТРОЛНИ НОМЕРА
Koha biblionumber 46111
Koha biblioitemnumber 46111
942 ## - АРТИКУЛИ
Вид на библиотечния материал Книги
Скрит в OPAC Не
Koha issues (borrowed), all copies 5
Периодичен библиозапис Да
944 ## - СЪЗДАВАНЕ И РЕДАКЦИЯ на ЗАПИСА
Създаване/Редакция Създаване
Дата на регистрацията/редакция 12.05.2005
Служител, извършил регистрацията/редакцията 30560
Статус, дата на статуса Геновева Генчева
944 ## - СЪЗДАВАНЕ И РЕДАКЦИЯ на ЗАПИСА
Създаване/Редакция Редакция
Дата на регистрацията/редакция 10.09.2015
Служител, извършил регистрацията/редакцията Валя_Йорданова
999 ## - СИСТЕМНИ КОНТРОЛНИ НОМЕРА
Koha biblioitemnumber 46111
Наличности
Код за отписване Код за изгубен артикул Източник на класификационната схема Код за повреда Коз за рестрикции Код за отдаване Артикулен № Име на библиотеката - собственик Име на библиотеката, в която се намира в момента Статус (Текущо местоположение) Дата на вписване в системата Местоположение - отдел Цена в лева Инвентарен номер Систематично азбучна сигнатура Баркод Номер на екземпляра Цена в евро Служебна бележка Служебен тип на артикула
  Не е изгубен Universal Decimal Classification Не е повреден без рестрикции ползва се в читалня 72800 Регионална библиотека "Любен Каравелов" Русе Регионална библиотека "Любен Каравелов" Русе Краезнание 1995-01-01 Краезнание 0.00 624308 К 334/З-72 Л 120000624308 1 0.00 Дост: DA Вид: А N: стар фонд Дата: 01.01.1995 Дата инв: 09.11.2017 Бележки инв: К2017 Книги
Vip Innovations Ltd, Rousse, Bulgaria 2025